Sir Joseph Banks : 18th century explorer, botanist and entrepreneur /
Sir Joseph Banks life devoted to science, his voyages to Newfoundland and Labrador and with Captain Cook on the Endeavour. President of the Royal Society for 42 years.
Saved in:
| Main Author: | |
|---|---|
| Format: | Book |
| Language: | English |
| Published: |
Newton Abbot, Devon ; North Pomfret, Vt. :
David & Charles,
c1980.
|
| Subjects: |
| LEADER | 01588cam a2200421 a 4500 | ||
|---|---|---|---|
| 001 | c000388870 | ||
| 003 | CARM | ||
| 005 | 20120228153104.0 | ||
| 008 | 120228s1980 enka b 001 0beng d | ||
| 010 | |a 81147965 | ||
| 015 | |a GB*** | ||
| 016 | 7 | |a 8103749 |2 DNLM | |
| 019 | 1 | |a 1861300 |z 23060722 |5 LACONCORD2021 | |
| 020 | |a 0715378848 (hbk.) |c £10.50 | ||
| 035 | |a (OCoLC)7028764 |5 LACONCORD2021 | ||
| 040 | |a DLC |b eng |c DLC |d DLC |d LC | ||
| 042 | |a anuc | ||
| 043 | |a e-uk--- | ||
| 050 | 0 | 0 | |a QH31.B19 |b L934 |
| 050 | 1 | 4 | |a QH31.B19 |b L934 |
| 050 | 4 | |a QH31.B19 |b L934 1980 | |
| 060 | 0 | 0 | |a BB3766 |
| 082 | 0 | 4 | |a 574.0924 |2 19 |
| 100 | 1 | |a Lyte, Charles. | |
| 245 | 1 | 0 | |a Sir Joseph Banks : |b 18th century explorer, botanist and entrepreneur / |c Charles Lyte. |
| 260 | |a Newton Abbot, Devon ; |a North Pomfret, Vt. : |b David & Charles, |c c1980. | ||
| 300 | |a 248 p. : |b ill. ; |c 25 cm. | ||
| 500 | |a Includes index. | ||
| 504 | |a Bibliography: p. [245] | ||
| 520 | |a Sir Joseph Banks life devoted to science, his voyages to Newfoundland and Labrador and with Captain Cook on the Endeavour. President of the Royal Society for 42 years. | ||
| 600 | 1 | 0 | |a Banks, Joseph |c Sir, |d 1743-1820. |
| 650 | 0 | |a Botany |z Great Britain |x History |y 18th century. | |
| 650 | 0 | |a Naturalists |z Great Britain |v Biography. | |
| 650 | 0 | |a Botanists |z Great Britain |x Biography. | |
| 650 | 0 | |a Explorers |z Great Britain |v Biography. | |
| 852 | 8 | |b CARM |p 0578469 |f BK | |
| 999 | f | f | |i d56ef05e-a194-5647-9788-baff55b46681 |s ca17e3ab-df7b-5129-b529-a6991e661c6d |
| 952 | f | f | |p Can circulate |a CAVAL |b CAVAL |c CAVAL |d CARM 1 Store |i book |m 0578469 |